| 000 | 00667cam a22002411 4500 | ||
|---|---|---|---|
| 001 | sa 68008094 | ||
| 003 | DLC | ||
| 005 | 20260227112528.0 | ||
| 008 | 950117s1967 ii 000 0 tamo | ||
| 010 | _asa 68008094 | ||
| 025 | _aPL480:I-T-2069 | ||
| 035 | _a(OCoLC)31829437 | ||
| 040 |
_aDLC _cCU _dCU _dDLC |
||
| 042 | _apremarc | ||
| 050 | 0 | 0 |
_aPL4758.4 _b.S5 |
| 100 | 1 | _aCivattampi, Kārttikēcu. | |
| 245 | 1 | 0 | _aTamil̲il cir̲ukataiyin̲ tōr̲r̲amum vaḷarcciyum. |
| 260 | _c[1967] | ||
| 300 |
_a160 p. _c18 cm. |
||
| 500 | _aIn Tamil. | ||
| 500 | _aPreviously published in Tin̲akaran̲. | ||
| 650 | 0 |
_aShort stories, Tamil _xHistory and criticism. |
|
| 999 |
_c82237 _d82237 |
||